Public child-caring work in certain counties of Minnesota, North Carolina, and New York / (Record no. 35861)

MARC details
000 -LEADER
fixed length control field 01049cam a22002891a 4500
001 - CONTROL NUMBER
control field l 27000291
003 - CONTROL NUMBER IDENTIFIER
control field DLC
005 - DATE AND TIME OF LATEST TRANSACTION
control field 20260227111531.0
008 - FIXED-LENGTH DATA ELEMENTS--GENERAL INFORMATION
fixed length control field 790326s1927 dcu b f000 0 eng
010 ## - LIBRARY OF CONGRESS CONTROL NUMBER
LC control number l 27000291
035 ## - SYSTEM CONTROL NUMBER
System control number (OCoLC)4783952
040 ## - CATALOGING SOURCE
Original cataloging agency DLC
Transcribing agency OCl
Modifying agency MnHi
-- OCoLC
-- DLC
042 ## - AUTHENTICATION CODE
Authentication code premarc
043 ## - GEOGRAPHIC AREA CODE
Geographic area code n-us-mn
-- n-us-ny
-- n-us-nc
050 00 - LIBRARY OF CONGRESS CALL NUMBER
Classification number HV741
Item number .C8
100 1# - MAIN ENTRY--PERSONAL NAME
Personal name Curry, H.
Fuller form of name (Hannah Ida).
245 10 - TITLE STATEMENT
Title Public child-caring work in certain counties of Minnesota, North Carolina, and New York /
Statement of responsibility, etc. by H. Ida Curry.
260 ## - PUBLICATION, DISTRIBUTION, ETC.
Place of publication, distribution, etc. Washington :
Name of publisher, distributor, etc. U.S. G.P.O.,
Date of publication, distribution, etc. 1927.
300 ## - PHYSICAL DESCRIPTION
Extent v, 96 p. ;
Dimensions 24 cm.
490 1# - SERIES STATEMENT
Series statement Bureau publication / United States, Children's Bureau ;
Volume/sequential designation no. 173
500 ## - GENERAL NOTE
General note At head of title: U.S. Dept. of Labor. Children's bureau.
500 ## - GENERAL NOTE
General note Includes bibliographical references.
650 #0 - SUBJECT ADDED ENTRY--TOPICAL TERM
Topical term or geographic name entry element Child welfare
Geographic subdivision Minnesota.
650 #0 - SUBJECT ADDED ENTRY--TOPICAL TERM
Topical term or geographic name entry element Child welfare
Geographic subdivision North Carolina.
650 #0 - SUBJECT ADDED ENTRY--TOPICAL TERM
Topical term or geographic name entry element Child welfare
Geographic subdivision New York (State)
830 #0 - SERIES ADDED ENTRY--UNIFORM TITLE
Uniform title Bureau publication (United States. Childrens Bureau) ;
Volume/sequential designation no. 173

No items available.

Powered by Koha